[Event "Montreal 3rd"]
[Site "Montreal"]
[Date "2002.07.26"]
[Round "2"]
[White "Degraeve, Jean Marc"]
[Black "Rozentalis, Eduardas"]
[Result "1-0"]
[WhiteElo "2586"]
[BlackElo "2564"]
[Annotator "Huzman,A"]
[PlyCount "103"]
[EventDate "2002.07.25"]
[EventType "tourn"]
[EventRounds "11"]
[EventCountry "CAN"]
[EventCategory "11"]
[SourceTitle "CBM 091"]
[Source "ChessBase"]
[SourceDate "2002.11.12"]
[SourceVersion "1"]
[SourceVersionDate "2002.11.12"]
[SourceQuality "1"]

1. e4 e5 2. Nf3 Nf6 3. Nxe5 d6 4. Nf3 Nxe4 5. d4 d5 6. Bd3 Bd6 7. O-O O-O 8. c4
c6 9. Re1 Re8 10. Nc3 Nxc3 11. bxc3 Bg4 12. Bg5 Rxe1+ 13. Qxe1 Qc8 14. c5 Bf8
15. Qb1 h6 16. Ne5 Be6 17. Bf4 Nd7 18. a4 $146 (18. Qb2 b5 19. cxb6 Nxb6 20. a4
Nc4 21. Qe2 Nxe5 22. Qxe5 c5 23. Rb1 {1/2-1/2 Socko,B-Rozentalis,E/Bydgoszcz
POL 2001/The Week in Chess 339 (23)}) 18... Be7 (18... Nxe5 19. Bxe5 Qd7 20.
Ra2 {[%csl Rb7][%cal Ga2b2]}) 19. a5 Bd8 20. Qb4 {[%cal Ga1b1] White prepare
decisive penetraton of theQb4 to d6.} b5 (20... Nxe5 21. Bxe5 Bc7 22. a6 (22.
Bxc7 Qxc7 23. Rb1 Rb8 $14) (22. Bd6 Bxd6 23. cxd6 Rb8 24. Rb1 b6) 22... b5 23.
cxb6 Bxb6 $14) 21. axb6 axb6 22. Rxa8 Qxa8 23. cxb6 Nxb6 (23... Nxe5 24. dxe5
$1 (24. Bxe5 Qb7 25. Bc7 Bxc7 26. bxc7 Qxc7 $11) 24... Qa1+ 25. Bf1 $1 (25. Bb1
c5 26. Qb5 Bf5 27. h3 Bxb6 (27... Qxb1+ 28. Qxb1 Bxb1 29. b7 Bc7 30. e6 $1 Bxf4
31. e7 $18) (27... Bxb1 28. Kh2 $16) 28. Qxb6 Qxb1+ 29. Qxb1 Bxb1 $11) 25...
Bf5 26. b7 Bd3 (26... Bc7 27. e6 Bd3 28. h3 Qxf1+ 29. Kh2 Be4 30. Qxe4 $1 dxe4
31. Bxc7 $18) 27. h3 Qxf1+ 28. Kh2 Be4 29. Qxe4 $1 dxe4 30. b8=Q Qd3 31. e6 $1
fxe6 32. Bd6 $18) 24. Qd6 Na4 $2 (24... Bf6 25. Qxc6 Qa1+ 26. Bf1 Bxe5 27. Bxe5
Nc4 $44) (24... Qa1+ $5 25. Bf1 Bf6 $132) 25. Nxc6 Bf6 26. Bd2 $16 Nb2 27. Ba6
$1 Nc4 (27... Kh7 $142 28. Na5 Bf5 29. Qc6 $16) 28. Bxc4 dxc4 29. h3 Qa1+ 30.
Kh2 Qd1 31. Bf4 $1 Qd3 (31... Qe2 32. Be5 $1 Qxf2 (32... Bh4 33. d5 $18) 33.
Bxf6 Qxf6 (33... gxf6 34. Ne7+ Kh7 35. Qb8 h5 36. Qg3 $1 $18) 34. d5 $18) 32.
Be5 $1 Bh4 33. Bg3 Bf6 34. Be5 Bh4 35. Qb8+ Kh7 36. Qf8 f6 37. Bg3 $1 Bxg3+ 38.
fxg3 Qxc3 39. Qd6 $2 (39. Qe8 $1 Bd5 40. Ne7 Qxd4 41. Qd7 $1 Qe5 (41... c3 $140
42. Nf5 $18) 42. Nxd5 c3 43. Qc6 $18) 39... Qe3 40. d5 Bf7 41. Qd7 Be8 42. Qd8
f5 $2 (42... Bf7 $11) (42... Qe4 43. Ne7 Bf7 44. d6 Be6 45. Qe8 $1 Bd5 $140 46.
Qg6+ $1 Qxg6 47. Nxg6 Bc6 48. d7 Bxd7 49. Nf8+ Kg8 50. Nxd7 $16) 43. Qc7 c3 44.
Nd8 $1 Qg5 45. Ne6 Qf6 46. Qc8 $18 c2 47. Qxe8 $1 c1=Q 48. Nf8+ Qxf8 49. Qxf8
Qc2 50. d6 Qc5 51. Qe7 Qa3 52. Qe6 1-0

[Event "Najdorf Memorial 12th"]
[Site "Buenos Aires"]
[Date "2001.09.04"]
[Round "1"]
[White "Milos, Gilberto"]
[Black "Karpov, Anatoly"]
[Result "0-1"]
[WhiteElo "2614"]
[BlackElo "2692"]
[Annotator "Huzman,A"]
[PlyCount "118"]
[EventDate "2001.09.04"]
[EventType "tourn"]
[EventRounds "9"]
[EventCountry "ARG"]
[EventCategory "14"]
[SourceTitle "CBM 085"]
[Source "ChessBase"]
[SourceDate "2001.11.13"]
[SourceVersion "1"]
[SourceVersionDate "2001.11.13"]
[SourceQuality "1"]

1. e4 e5 2. Nf3 Nf6 3. Nxe5 d6 4. Nf3 Nxe4 5. d4 d5 6. Bd3 Nc6 7. O-O Be7 8. c4
Nf6 9. Nc3 O-O 10. cxd5 Nxd5 11. Re1 Be6 12. a3 Bf6 13. Be4 Rb8 $146 {This new
move is preparing original plan of counterplay on the queen's side.} (13... h6
14. h3 Qd7 15. Bc2 Bf5 16. Ne4 Rae8 17. Nxf6+ Nxf6 18. Rxe8 Rxe8 19. Ba4 Qd6
20. Be3 Re7 21. Rc1 Nd5 22. Bxc6 bxc6 23. Ne5 Nxe3 24. fxe3 Be4 25. Qg4 {
1/2-1/2 Topalov,V-Jussupow,A/Moscow 1994/CBM 45 (25)}) 14. Qd3 h6 15. Bh7+ Kh8
16. Bf5 Nxc3 (16... Bxf5 17. Qxf5 Nde7 18. Qh5 $36 Nxd4 $140 19. Bxh6 $16) 17.
bxc3 (17. Bxe6 $2 Nxd4 18. Nxd4 Bxd4 $17) 17... Bd5 18. Bf4 Ne7 19. Bg4 (19.
Be4 b5 (19... Bxe4 20. Rxe4 Nd5 21. Be5 b5 $14) 20. Be5 Bxe4 21. Rxe4 Ng6 $14 {
/=}) 19... Ng6 20. Bg3 b5 $1 21. Qf5 a5 $1 {[%cal Yb5b4][%mdl 36]} (21... Rb7
$5 22. Re3 c6 $11 {[%cal Yb7e7]}) 22. Re3 Rb7 23. Qh5 $6 (23. Rae1 c6 $11)
23... b4 $1 $36 24. axb4 axb4 25. Rae1 (25. cxb4 Bxf3 26. Bxf3 Rxb4 {[%csl Rd4]
} 27. Be5 $11) 25... c6 (25... b3 26. Bf5 b2 27. Bb1 $13) 26. cxb4 (26. Bf5
$142 bxc3 27. Rxc3 Bxf3 28. Qxf3 Ne7 29. Be5 $11) 26... Rxb4 27. Ne5 (27. Bf5
Bxf3 28. Qxf3 (28. Rxf3 Ne7 29. Be5 Bxe5 30. dxe5 Qd2 {[%cal Yg7g6]} 31. Rfe3
Rf4 $17) 28... Bxd4 29. R3e2 c5 $17) 27... Rxd4 28. Nxg6+ $2 (28. Nd7 Rg8 29.
Bc7 Qxc7 30. Nxf6 Rf8 31. Nd7 (31. Nxd5 Rxd5 32. Bf5 Qf4 $17) 31... Nf4 32. Qf5
Be6 33. Rxe6 Nxe6 34. Nxf8 Nxf8 35. Re8 Kg8 $17) 28... fxg6 29. Qxg6 {[%tqu
"En","Find the forsed line which brought victory to Black.","","","d5f7","",10]
} Bf7 30. Qf5 g6 $1 31. Qf3 Bd5 32. Qe2 Bc4 33. Qf3 Bd5 34. Qe2 Bc4 35. Qf3 Bg7
$1 $19 36. Qxc6 Rxg4 37. Bd6 (37. h3 Bd5 38. Qb5 Rd4 39. Re7 Rd2 $19) 37... Qa8
38. Qxa8 Rxa8 39. Be5 Bd5 40. Bxg7+ Kxg7 41. f3 Rd4 42. R1e2 h5 43. Kf2 Kf6 44.
Rb2 Ra6 45. Re8 Be6 46. Rf8+ Kg5 47. Rb5+ Bf5 48. Rb2 Rad6 49. Ke3 Rc4 50. Rfb8
Rd3+ 51. Kf2 h4 $1 52. Rh8 Rdc3 53. Rh7 Rc2+ 54. Rxc2 Rxc2+ 55. Kg1 h3 $1 56.
g4 Bd3 57. Rxh3 Kf4 58. Rh8 (58. Rg3 Be2 $19) 58... Kxf3 59. Rh3+ Ke2 (59...
Ke2 60. Rh8 Be4 61. h4 Rc1+ 62. Kh2 Kf2 $19) 0-1

[Event "CHN-RUS Summit Men 1st"]
[Site "Shanghai"]
[Date "2001.09.09"]
[Round "3"]
[White "Zhang, Pengxiang"]
[Black "Motylev, Alexander"]
[Result "0-1"]
[WhiteElo "2487"]
[BlackElo "2627"]
[Annotator "Huzman,A"]
[PlyCount "84"]
[EventDate "2001.09.07"]
[EventType "schev"]
[EventRounds "6"]
[EventCountry "CHN"]
[SourceTitle "CBM 085"]
[Source "ChessBase"]
[SourceDate "2001.11.13"]
[SourceVersion "1"]
[SourceVersionDate "2001.11.13"]
[SourceQuality "1"]

1. e4 {Hecht} e5 2. Nf3 Nf6 3. Nxe5 d6 4. Nf3 Nxe4 5. d4 d5 6. Bd3 Nc6 7. O-O
Be7 8. c4 Nb4 9. cxd5 Nxd3 10. Qxd3 Qxd5 11. Re1 Bf5 12. g4 Bg6 13. Nc3 Nxc3
14. Qxc3 f6 15. b3 (15. Qxc7 O-O 16. Rxe7 Qxf3 17. Rxg7+ Kh8 18. Bh6 Qxg4+ 19.
Qg3 Qxd4 20. Rxg6 hxg6 21. Qh3 $1 Kg8 22. Bxf8 Rxf8 23. Qb3+ Rf7 24. Rd1 Qg4+
25. Kf1 Kg7 26. h3 Qe4 27. Qd5 $11 {1/2-1/2 Anand,V-Sokolov,I/Dortmund 1999/
CBM 72/[Blatny,P] (31)}) (15. Bf4 Qd7 (15... Kf7 16. Qxc7 Rhe8 17. Nd2 Qxd4 18.
Nc4 Rad8 19. Rad1 Qxd1 20. Rxd1 Rxd1+ 21. Kg2 Red8 22. Qxb7 R1d4 23. Qc7 R8d7
24. Qc8 Be4+ 25. Kg3 Bb7 $19 {0-1 Guid,M-Kobrin,M/Patras GRE 1999 (37)}) 16. h3
(16. Bg3 O-O 17. Qxc7 Qxg4 18. Nh4 Bd8 19. Qxb7 Bb6 20. Re7 Bd3 21. Qf3 Qxf3
22. Nxf3 Rfd8 23. Rc1 Kf8 24. Re3 Ba6 25. Ra3 Bb7 $44 {1/2-1/2 Jaulin,P-Picart,
L/Fouesnant 2000/Ajelibre (40)}) 16... O-O 17. Qxc7 Qd5 18. Nh4 Bb4 19. Nxg6
hxg6 20. Rec1 Rac8 21. Qxc8 Rxc8 22. Rxc8+ Kh7 23. a3 Qxd4 24. axb4 Qxf4 25.
Rxa7 Qxb4 $11 {1/2-1/2 Stevanec,L-Vukanovic,S/Ljubljana CRO 2000/ (31)}) 15...
Kf7 $146 {This move is a strong improvement of the game Zhang Pengxiang-Karpov
2000} (15... Kd7 16. Bf4 c6 17. Rad1 Rae8 18. Ne5+ Kc8 19. Nc4 h5 20. Rxe7 Rxe7
21. Qb4 Rd7 22. Nd6+ Rxd6 23. Qxd6 Qxd6 24. Bxd6 Rd8 25. Be7 Rd7 26. gxh5 Bxh5
27. Re1 Rxd4 $17 {0-1 Zhang Pengxiang-Karpov,A/Cap d'Agde FRA 2000 (73)}) 16.
Qxc7 Rhe8 17. Qc4 Qxc4 (17... Rad8 18. Bf4 Kf8 $44) 18. bxc4 b6 (18... Rac8 19.
c5 b6 20. cxb6 axb6 $44) 19. Bb2 Rac8 20. Rac1 Bd6 $44 {[%cal Yd6f4][%mdl 548]
Black have brilliant compensation for sacrifising pawn due to pair of bishops
and weaknesses of pawns c4,d4,g4.} 21. Rxe8 Rxe8 22. c5 Bf4 23. Rc3 (23. Re1
Rxe1+ 24. Nxe1 bxc5 (24... Ke6 25. Ng2 Bd2 26. Ne3 $15) 25. dxc5 Ke6 26. Ng2
Be5 $17) 23... Be4 $17 24. Nh4 bxc5 25. Ra3 (25. dxc5 Rd8 26. f3 (26. Nf3 Rd1+
27. Kg2 Be5 $19) 26... Rd1+ 27. Kf2 Rd2+ 28. Kf1 Bd5 29. c6 (29. Ba3 Be5 $19)
29... Rxb2 30. c7 Be6 31. c8=Q Bxc8 32. Rxc8 Rxa2 $19) 25... Rb8 26. Rb3 c4 $19
27. Rxb8 Bxb8 28. Ng2 Bxg2 $1 {[%mdl 4096] The simplest way to the victory.}
29. Kxg2 {Hecht: '[#] Schlechter Läufer'} Ke6 30. h3 Kd5 31. Kf3 g6 32. Ke3 Bc7
33. Bc3 Bb6 34. a4 a6 35. f3 f5 {/\36...Bd4 37.Bd4 f4+ -+} 36. h4 (36. f4 h6
37. a5 (37. Bb2 Ba5 38. Ba3 Bc3 39. Bc5 Bb2 40. Bb6 Bc1+ 41. Kf3 c3 $19) 37...
Bd8 38. Bb4 fxg4 39. hxg4 h5 40. f5 gxf5 41. gxh5 Bg5+ 42. Kf3 Kxd4 43. Bf8 c3
44. h6 c2 45. h7 (45. Bg7+ Kd3 46. h7 c1=Q 47. h8=Q Qf1+ 48. Kg3 Bf4+ 49. Kh4
Qh1#) 45... Bf6 (45... c1=Q 46. h8=Q+ Kd3 $19) 46. Ba3 Kc3 47. Bc1 Kb3 48. Ke3
Ka2 49. Kd2 Kb1 50. Ba3 f4 $19) (36. Bb2 {Hecht} Bxd4+ 37. Bxd4 f4+ 38. Kxf4
Kxd4 $19) (36. gxf5 {Hecht} gxf5 37. f4 h5 38. Bb2 Ba5 39. Ba3 Bc3 40. Bc5 Bb2
41. Bb6 Bc1+ 42. Kf3 c3 $19) 36... fxg4 37. fxg4 h5 $1 38. gxh5 (38. g5 {Hecht}
Bc7 39. Be1 Bb8 40. Bf2 (40. a5 {Hecht} Bc7 $22) 40... Ba7 $19) 38... gxh5 {
[%csl Rd4,Rh4]} 39. Kf4 (39. Bb2 {Hecht} Bd8 $19) 39... Bxd4 40. Be1 c3 41. Kf5
c2 42. Bd2 Kc4 0-1

[Event "CHN-RUS Summit Men 1st"]
[Site "Shanghai"]
[Date "2001.09.07"]
[Round "1"]
[White "Ye, Jiangchuan"]
[Black "Khalifman, Alexander"]
[Result "1/2-1/2"]
[WhiteElo "2677"]
[BlackElo "2700"]
[Annotator "Huzman,A"]
[PlyCount "130"]
[EventDate "2001.09.07"]
[EventType "schev"]
[EventRounds "6"]
[EventCountry "CHN"]
[SourceTitle "CBM 085"]
[Source "ChessBase"]
[SourceDate "2001.11.13"]
[SourceVersion "1"]
[SourceVersionDate "2001.11.13"]
[SourceQuality "1"]

1. e4 e5 2. Nf3 Nf6 3. Nxe5 d6 4. Nf3 Nxe4 5. d4 d5 6. Bd3 Bd6 7. O-O O-O 8.
Re1 Bf5 9. c4 c6 10. Nc3 Nxc3 11. bxc3 Bxd3 12. Qxd3 dxc4 13. Qxc4 Nd7 14. Qb3
Qc7 15. c4 Rfe8 16. Bb2 Bf8 (16... h6 17. g3 Qb6 18. Qc2 Qa5 19. Bc3 Qh5 20.
Nh4 b5 $1 $11 {1-0 Timman,J-Akopian,V/Groningen 1996/Inf 68/[Timman,J] (41)})
17. g3 Qb6 (17... Rad8 18. Rad1 Rxe1+ 19. Rxe1 Nf6 20. d5 $36) 18. Qc2 Qa5 19.
d5 $1 cxd5 20. Qf5 Rxe1+ 21. Rxe1 Rd8 22. Rd1 (22. Ng5 Qxe1+ 23. Kg2 Nf6 24.
Bxf6 g6 25. Qh3 h6 26. Bxd8 hxg5 27. Bf6 Qe4+ 28. Kg1 Bg7 29. Qc8+ Kh7 30. Qh3+
$11) 22... g6 (22... h6 23. Rxd5 Qxa2 24. Be5 g6 25. Qf4 Bc5 26. Rd2 $16) (
22... Qb6 23. Ng5 (23. Ba1 dxc4 24. Kg2 Nf6 $17) (23. Bd4 Qe6 24. Qg5 Rc8 25.
Qxd5 Nc5 $11) 23... Qg6 24. Qxd5 h6 (24... Be7 25. Qxb7 $16) 25. Nf3 Qc2 26.
Rd2 $16) 23. Rxd5 (23. Qf4 $5 Be7 (23... Qb6 24. Ng5 f5 25. Ba1 $36) 24. Rxd5
Qb6 (24... Qxa2 25. Qd4 Bf6 26. Rxd7 $18) 25. Bd4 (25. Ne5 Nf6 $11) (25. Ng5 f5
26. Rxd7 $140 (26. Qd2 $5 $36) 26... Rxd7 27. Qe5 Qf6 28. Qxf6 Bxf6 29. Bxf6
Rc7 $15) 25... Bc5 26. Ne5 Nxe5 27. Bxc5 Qb1+ 28. Kg2 Rxd5 29. cxd5 $16) 23...
gxf5 (23... Qxa2 24. Qg5 Re8 25. Qd2 (25. Rxd7 Qxb2 26. Qf4 Re7 27. Rxe7 Bxe7
28. Qb8+ $11) 25... Re7 (25... Nb6 26. Qd4 f6 27. Qxf6 Nxd5 28. Qh8+ Kf7 29.
Qxh7+ Ke6 30. Ng5+ Kd6 31. Qxg6+ Kd7 32. Qf7+ $18) 26. Kg2 $44 (26. Rxd7 Rxd7
27. Qc3 f6 28. Qxf6 Qb1+ 29. Kg2 Qe4 30. Qh8+ Kf7 31. Qxh7+ Ke8 $17)) 24. Rxa5
Bc5 (24... Nb6 25. Rxf5 h6 26. Rf4 $16) 25. Ba3 $5 (25. Bd4 $1 Bb6 (25... Bxd4
26. Nxd4 Nb6 27. Nxf5 a6 28. c5 Nd5 (28... Nc4 29. Ra4 $16) 29. c6 $16) 26.
Bxb6 (26. Rd5 $1 $16) 26... axb6 27. Rxf5 Ra8) 25... Bxa3 26. Rxa3 a6 27. Rd3
$1 Kf8 28. Nh4 f4 29. Nf5 $36 fxg3 30. hxg3 Ke8 $1 31. Nd6+ Ke7 32. Nxb7 Rc8
$132 33. Re3+ Kf8 34. Nd6 Rc6 35. Re8+ Kg7 36. Nf5+ Kf6 37. Ne3 Nb6 38. Re4 Rc5
$1 {[%cal Yc5a5,Ya5a2]} 39. Rh4 Ke7 40. Rxh7 (40. Kg2 h5) 40... Nxc4 41. Nxc4
Rxc4 42. Rh4 $1 Rc5 43. Kg2 a5 44. Rf4 f6 45. g4 Kf7 46. Ra4 Kg6 47. Kg3 f5 48.
f4 Rc3+ 49. Kh4 Rc1 $1 50. Rxa5 Rh1+ 51. Kg3 Rg1+ 52. Kf2 Rxg4 53. Ra4 Rh4 54.
Kg3 Rg4+ 55. Kh3 Rg1 56. Rc4 Rd1 57. a4 Kf6 58. a5 Rh1+ 59. Kg3 Rg1+ 60. Kf2
Ra1 61. Rc6+ Kg7 62. a6 Ra3 63. Ke2 Ra4 64. Ke3 Kf7 65. Rb6 Kg7 (65... Kg7 66.
Rb7+ Kf6 67. a7 Ke6 68. Kd3 Kd5 69. Kc3 Kc5 70. Kb3 Ra6 $11) 1/2-1/2

[Event "RUS-ch sf 58th"]
[Site "Kazan"]
[Date "2005.09.04"]
[Round "2"]
[White "Belov, Vladimir"]
[Black "Kosteniuk, Alexandra"]
[Result "1/2-1/2"]
[WhiteElo "2596"]
[BlackElo "2516"]
[Annotator "Huzman,A"]
[PlyCount "107"]
[EventDate "2005.09.03"]
[EventType "swiss"]
[EventRounds "9"]
[EventCountry "RUS"]
[SourceTitle "CBM 109"]
[Source "ChessBase"]
[SourceDate "2005.11.14"]
[SourceVersion "1"]
[SourceVersionDate "2005.11.14"]
[SourceQuality "1"]

1. e4 e5 2. Nf3 Nf6 3. Nxe5 d6 4. Nf3 Nxe4 5. d4 d5 6. Bd3 Bd6 7. O-O O-O 8. c4
c6 9. Re1 Bf5 10. Qb3 Qd7 11. c5 (11. Nc3 Nxc3 12. Bxf5 Qxf5 13. bxc3 b6 14.
cxd5 cxd5 15. Qb5 Qd7 $1 16. a4 Rd8 17. g3 Bc7 18. Bg5 f6 19. Bd2 Nc6 $11 {
1-0 Adams,M-Morozevich,A/Wijk aan Zee 2005/CBM 105/[Huzman] (49)}) (11. Be3
dxc4 (11... Na6 $5) 12. Bxc4 Qc7 13. Nc3 Nxc3 14. bxc3 Nd7 $11 {1/2-1/2 Leko,
P-Anand,V/Leon 2001/CBM 84/[Huzman] (20)}) (11. cxd5 cxd5 12. Nc3 Be6 13. Bxe4
dxe4 14. d5 Bxd5 15. Nxd5 {1/2-1/2 Mikhalchishin-Ionov/Klaipeda YB/11 1988 (15)
}) 11... Bc7 12. Nbd2 Be6 $5 (12... Re8 13. Nh4 Be6 14. Qc2 f5 (14... Qe7 15.
Nxe4 Bxh2+ (15... Qxh4 16. g3 Qg4 17. h3 $1 Qxh3 18. Ng5 $16) 16. Kxh2 Qxh4+
17. Kg1 dxe4 18. Rxe4 $36) 15. f3 Qd8 (15... Bxh2+ 16. Kxh2 Qc7+ 17. Kg1 Qg3
18. Re2 Qxh4 19. fxe4 fxe4 20. Nxe4 dxe4 21. Rxe4 $16) 16. g3 Nxg3 (16... Ng5
17. Bxf5 $16) 17. hxg3 Bxg3 18. Rxe6 Rxe6 19. Nxf5 Re1+ 20. Nf1 $16) 13. Nf1 (
13. Qc2 f5 14. b4 Qf7 $11) 13... f5 (13... b6 14. Qc2 Qd8 15. Ng3 $14) 14. Ng5
$1 Nxg5 (14... b6 15. Nxe6 Qxe6 16. f3 Qf6 17. Be3 $16) 15. Bxg5 b6 (15... h6
16. Bd2 b6 17. Re2 $16) 16. Re2 Qf7 17. Rae1 Re8 18. Qc2 g6 19. Nd2 ({The
strong prophylactic move} 19. a4 $1 $16 {made big problems for Black with
finishing the development of his pieces.}) 19... b5 $8 (19... Nd7 20. cxb6 Bxb6
21. Qxc6 $18) 20. f4 (20. Nf3 Nd7 21. Qd2 f4 $13) 20... Nd7 21. Nf3 Ba5 22. Rf1
$14 Qg7 23. Ne5 h6 24. Bh4 Nxe5 25. fxe5 (25. dxe5 Bd8 26. Bxd8 (26. Be1 a5 $11
) 26... Raxd8 27. b4 a5 $132) 25... g5 $1 26. Be1 Bxe1 27. Rexe1 f4 {Black
solved his opening problems. White can't get a decisive advantage only on the
queen's side and it is too dangerous for them to open the battle on the king's
side.} 28. a4 (28. g3 Bh3 29. Rf2 Rf8 30. gxf4 Rxf4 31. Rxf4 gxf4+ 32. Kh1 f3)
28... a6 29. Ra1 Rf8 30. Qd2 Qb7 31. Qe2 Kg7 32. b4 Qd7 33. Ra3 Ra7 34. Rfa1
Rb7 35. axb5 axb5 36. Bc2 Bg4 37. Qf2 Rc7 38. Ra5 Bf5 $132 39. Re1 Qe6 40. Ra3
Bxc2 41. Qxc2 Rcf7 $11 42. Rf1 Qg4 43. h3 Qe6 44. Qe2 Qg6 45. Ra6 Re7 46. Re1
Re6 47. Ra7+ Kg8 48. Rea1 h5 49. Qf2 Qe4 50. Ra8 Rxa8 51. Rxa8+ Kg7 52. Ra7+
Kg6 53. Kh2 Qf5 (53... g4 $6 54. hxg4 hxg4 55. Qh4 $40) 54. g3 (54. g3 f3 $11 {
[%cal Yg5g4]}) 1/2-1/2

[Event "Queens-Kings"]
[Site "Jinan"]
[Date "2002.07.25"]
[Round "3"]
[White "Short, Nigel D"]
[Black "Zhu, Chen"]
[Result "1-0"]
[WhiteElo "2682"]
[BlackElo "2505"]
[Annotator "Huzman,A"]
[PlyCount "63"]
[EventDate "2002.07.21"]
[EventType "schev"]
[EventRounds "4"]
[EventCountry "CHN"]
[SourceTitle "CBM 091"]
[Source "ChessBase"]
[SourceDate "2002.11.12"]
[SourceVersion "1"]
[SourceVersionDate "2002.11.12"]
[SourceQuality "1"]

1. e4 e5 2. Nf3 Nf6 3. Nxe5 d6 4. Nf3 Nxe4 5. d4 d5 6. Bd3 Bd6 7. O-O O-O 8. c4
c6 9. Re1 Bg4 10. h3 Bf5 $6 (10... Bxf3 11. Qxf3 f5 12. Nc3 Qa5 13. Bf4 Bxf4
14. Qxf4 Nd7 15. Rac1 Rac8 16. f3 Qb6 17. Ne2 Rce8 18. cxd5 Ne5 19. Bb1 Ng6 20.
Qh2 Nd2 21. dxc6 Nxb1 22. Rxb1 Qxc6 $44 {0-1 Anand,V-Barua,D/New Delhi 1990 
(53)}) (10... Bh5 11. Bxe4 dxe4 12. Rxe4 Nd7 13. Nc3 f5 14. Re1 Nf6 15. Qd3 Ne4
16. Nxe4 fxe4 17. Qxe4 Bxf3 18. gxf3 Qc7 $13 {Krause-Nielsen/Copenhagen 1896 
(22)}) 11. Qb3 $1 Na6 12. cxd5 cxd5 13. Nc3 Be6 14. Nb5 {White have an extra
tempo in comporation with teoretical line.} (14. Qxb7 Nb4 $1 (14... Nac5 15.
dxc5 Nxc5 16. Bxh7+ Kxh7 17. Qb5 $16) 15. Bxe4 Rb8 (15... dxe4 16. Qxe4 $16)
16. Bxh7+ Kxh7 17. Qxa7 Nc2 18. Rxe6 fxe6 19. Rb1 (19. Ng5+ Kg8 20. Nxe6 Qf6
21. Nxf8 Rxf8 $17) 19... Rxf3 20. gxf3 Qh4 $44) 14... Nb4 15. Nxd6 Qxd6 (15...
Nxd3 16. Nxb7 $16) 16. Bb1 $14 a6 $6 (16... Nc6 $142 $14) 17. Ng5 Nxg5 18. Bxg5
Rfe8 19. Bd2 Nc6 20. Qb6 Qd7 (20... Qd8 21. Qxb7 (21. Qxd8 Raxd8 22. Be3 $14 {
/=}) 21... Nxd4 22. Qb4 Nc6 23. Qa3 $14) 21. Bd3 Bxh3 $2 {This piece sacrifice
is unfounded.} (21... Bf5 22. Bf1 $14) 22. gxh3 Qxh3 23. Re3 $1 Rxe3 24. Bxe3
Re8 $2 (24... Qg4+ 25. Kf1 Re8 26. Re1 $16) 25. Bf1 $18 Qg4+ 26. Bg2 h5 27.
Qxb7 Nxd4 28. Bxd4 Qxd4 29. Bxd5 Qf6 30. Qc6 Qg5+ 31. Kf1 Qd2 32. Qxe8+ 1-0

[Event "Candidates Tournament Gp2"]
[Site "Dortmund"]
[Date "2002.07.07"]
[Round "2"]
[White "Morozevich, Alexander"]
[Black "Adams, Michael"]
[Result "1/2-1/2"]
[WhiteElo "2716"]
[BlackElo "2752"]
[Annotator "Huzman,A"]
[PlyCount "54"]
[EventDate "2002.07.06"]
[EventType "tourn"]
[EventRounds "6"]
[EventCountry "GER"]
[EventCategory "20"]
[SourceTitle "CBM 090"]
[Source "ChessBase"]
[SourceDate "2002.09.20"]
[SourceVersion "1"]
[SourceVersionDate "2002.09.20"]
[SourceQuality "1"]

1. e4 e5 2. Nf3 Nf6 3. Nxe5 d6 4. Nf3 Nxe4 5. d4 d5 6. Bd3 Nc6 7. O-O Be7 8.
Re1 Bg4 9. c3 f5 10. Nbd2 O-O 11. Qb3 Na5 12. Qc2 c5 13. Ne5 Bh5 14. f3 (14.
Ndf3 Rc8 15. Be3 c4 16. Be2 f4 17. Bc1 Bd6 18. Nd2 Bxe2 19. Rxe2 Bxe5 20. dxe5
Ng5 21. h4 Ne6 22. Nf3 Nc6 23. b3 d4 24. Rd2 d3 $17 {0-1 Hunt,A-Saljova,S/
Maidstone 1994/EXT 97 (57)}) 14... Bh4 15. fxe4 (15. g3 Nxg3 16. hxg3 Bxg3 17.
Re2 cxd4 18. cxd4 (18. Bxf5 dxc3 19. bxc3 Re8 20. Bxh7+ Kh8 21. Qf5 Qh4 $40)
18... Rc8 19. Qa4 Qh4 $40) 15... Bxe1 16. exf5 c4 (16... Nc6 17. Ndf3 Nxe5 18.
Nxe5 cxd4 19. g4 $1 (19. Bf4 Bh4 20. cxd4 Qb6 $17) (19. cxd4 Qb6 20. Be3 Rac8
21. Qa4 Bd2 $1 22. Bxd2 Qxb2 23. Rf1 Qxd2 24. Qxa7 Qe3+ 25. Kh1 Rce8 $19 {
[%cal Ye8e5,Ye3a7,Ye3d3]}) 19... dxc3 (19... Bf7 20. Nf3 Re8 21. Bg5 Qb6 22.
Kf1 $1 dxc3 23. bxc3 {[%csl Re1]}) (19... Re8 20. Bf4 Qh4 21. Qg2 $1 dxc3 22.
Qxd5+ Kh8 23. gxh5 $36) 20. gxh5 Re8 21. Bf4 Bd2 $13) 17. Bf1 Bxd2 18. Bxd2 Nc6
19. Re1 Qc8 $1 20. h3 Rxf5 21. g4 Nxe5 22. dxe5 Rxf1+ $2 (22... Bxg4 23. hxg4
Rf3) (22... Rf3 $1 23. gxh5 (23. Qd1 Qc5+ 24. Kh1 Rg3 25. Bg2 Bf7 (25... Bg6
26. Be3 $1 Rxe3 $140 27. Qxd5+) 26. e6 Bg6 $17) 23... Qc5+ 24. Kh1 Qf2 25. Bg2
Rd3 26. Rd1 Rf8 $1 $19 {/\27...Rff3}) 23. Rxf1 Bg6 24. Qd1 Qc5+ 25. Rf2 Re8 (
25... d4 26. cxd4 Qxd4 27. Qe2 $11) 26. Bf4 Bd3 27. Qf3 Be4 1/2-1/2

[Event "FIDE-Wch"]
[Site "San Luis"]
[Date "2005.09.28"]
[Round "1"]
[White "Svidler, Peter"]
[Black "Adams, Michael"]
[Result "1/2-1/2"]
[WhiteElo "2738"]
[BlackElo "2719"]
[Annotator "Huzman,A"]
[PlyCount "47"]
[EventDate "2005.09.28"]
[EventType "tourn"]
[EventRounds "14"]
[EventCountry "ARG"]
[EventCategory "20"]
[SourceTitle "CBM 110"]
[Source "ChessBase"]
[SourceDate "2006.01.31"]
[SourceVersion "1"]
[SourceVersionDate "2006.01.31"]
[SourceQuality "1"]

1. e4 e5 2. Nf3 Nf6 3. Nxe5 d6 4. Nf3 Nxe4 5. d4 d5 6. Bd3 Nc6 7. O-O Be7 8. c4
Nb4 9. Be2 O-O 10. a3 Nc6 11. cxd5 Qxd5 12. Nc3 Nxc3 13. bxc3 Na5 14. Rb1 a6 (
14... Nc4 15. a4 Be6 16. Rb5 c5 17. Ng5 Rab8 18. Qd3 Bxg5 19. Rxc5 Qxc5 20.
dxc5 Rfd8 21. Qg3 $16 {1-0 Sibarevic,M-Vianin,P/Geneve 1990/EXT 2000 (32)}) (
14... b6 15. Bf4 Bd6 16. Ne5 Bf5 17. Rb5 Qe4 18. Bg3 Qc2 19. Qe1 a6 20. Bd1 Qa2
$17 {0-1 Harper,R-Rene,M/Dos Hermanas 2004/CBM 99 ext (29)}) (14... c5 15. Qa4
Qd8 16. dxc5 Bxc5 17. Bg5 Qc7 18. Bf4 Qd8 19. Rfd1 $18 {1-0 Crut,A-Friot,E/
Bescanon 1999/EXT 2000 (23)}) (14... c6 15. Qa4 Qa2 16. Bd3 Qd5 17. Re1 $16 {
0-1 Li Ruofan-Koneru,H/Hyderabad World Cup QF w 2002/[Barsky] (35)}) 15. Ne5 (
15. Re1 Bf6 16. Bf4 Bf5 17. Bd3 Bxd3 18. Qxd3 Nc4 19. Nd2 Nxd2 20. Qxd2 Rac8
21. Be5 Bd8 22. Qe2 f6 23. c4 Qd7 24. Bf4 $16 {1-0 Balog,M-Varga,C/Harkány
2002/Magyar Versenyek 2002 (48)}) 15... Bf5 (15... Qa2 16. Rb2 Qxa3 17. Rb4
Qxc3 18. Bd2 Bxb4 19. Bxc3 Bxc3 20. Qd3 Bb4 {1/2-1/2 Schirmer,W-Kraft,G/
Hamburg GER 2005/(20)}) 16. Bf3 Qe6 (16... Be4 17. Bxe4 Qxe4 18. Rb2 Qd5 19.
Re2 Bd6 20. Rfe1 b5 $11 {1/2-1/2 Blehm,P-Urban,K/Koszalin 1998/CBM 65 ext (27)}
) 17. Rb2 {White temporarily sacrifices a pawn by transferring the Rb1 to e2.}
Bxa3 18. Re2 Bxc1 (18... Qd6 19. Bf4 $1 (19. Qa4 Bxc1 20. Rxc1 Nc6 21. Nxc6
bxc6 22. Bxc6 Rab8 $14) 19... Nc6 20. Qb3 Na5 21. Qa4 $16) 19. Nc6 (19. Qxc1
Qd6 20. Qa1 Nc6 21. Rfe1 Be6 22. Nxc6 bxc6 23. Qa5 Rfb8 $11) 19... Qf6 20. Nxa5
(20. Ne7+ Kh8 21. Nxf5 Bf4 22. Ng3 Rad8 $15) 20... Bf4 21. Nxb7 Rab8 {The pair
of bishops compensates the pawn weaknesses of Black on the queen's side.} 22.
Rfe1 g6 (22... c6 23. Nc5 Rb1 24. Qa4 Rxe1+ 25. Rxe1 Bd2 26. Rd1 Bxc3 27. Qc4
Ba5 28. Qxa6 $14) 23. Ra2 (23. g3 $5 Bc8 24. Rb2 Bh6 25. Qd3 $14) 23... c6 24.
Nc5 (24. Nc5 Bd6 (24... Rb1 25. Qe2 (25. Qxb1 Bxb1 26. Rxb1 Rb8 27. Rba1 $14))
25. Qd2 Bxc5 26. dxc5 Rfd8 27. Qe3 Rb3 $11) 1/2-1/2